| 000 | 00839nam a2200265 i 4500 | ||
|---|---|---|---|
| 001 | 10442 | ||
| 003 | ES-MaACL | ||
| 005 | 20250901021458.0 | ||
| 007 | t| | ||
| 008 | 950619s1952 sp f |||| |dspa d | ||
| 080 | _a929 Falla, Manuel de | ||
| 080 | _a929 Granados, Enrique | ||
| 080 | _a929 Albéniz, Isaac | ||
| 100 | 1 |
_aMartínez Ugarte, Julia. _9163089 |
|
| 245 | 1 | 0 |
_aFalla, Granados, Albéniz / _cpor Julia Martínez. |
| 260 |
_aMadrid : _bPublicaciones Españolas, _c1952. |
||
| 300 |
_a30 p., [2] p. de lám. ; _c24 cm. |
||
| 490 | 1 |
_aTemas españoles ; _v6 |
|
| 600 | 1 | 4 |
_aFalla, Manuel de, _d1876-1946 _948756 |
| 600 | 1 | 4 |
_aGranados, Enrique. _959558 |
| 600 | 1 | 7 |
_aAlbéniz, Isaac, _d1860-1909 _2embne _919261 |
| 830 | 0 |
_aTemas españoles ; _v6 _9178712 |
|
| 852 |
_aES-MaACL _jL-17825 |
||
| 999 |
_c10442 _d10442 |
||